000 00601nam a2200253Ia 4500
008 160321s9999||||xx |||||||||||||| ||und||
040 _cEnglish
082 _aXI.A/Vaidyanathan
082 _bBORI-102722
100 _aK. S. Vaidyanathan
245 _aMala Nadu
300 _a36
300 _cA
300 _ePaperback
530 _u00047382.pdf
563 _aStudy
600 _aK. S. Vaidyanathan
630 _aMala Nadu
650 _aGeneral Indology
650 _aPolitics History and Historiography
700 _aK. S. Vaidyanathan
730 _aMala Nadu
942 _cBOOK
999 _c1374246
_d1374243